000 00276nam a22001217a 4500
041 _aENG
100 _aRathore.N.S
245 _aAlternate Sources Of Energy
260 _aNew Delhi
_bIndia Council Of Ageicul
_c2007
300 _a269
650 _aEOES
856 _uEOES ( 12 )
999 _c1220
_d1220